On Running and Becoming Human An Anthropological Perspective /

How does the simple act of running make us human? As a form of enskilled movement that shapes how we perceive our surroundings, running enacts a mindful bodily engagement with the world, an engagement that generates our very minds through perceptual learning. Thomas F. Carter examines the interrelat...

Celý popis

Uloženo v:
Podrobná bibliografie
Hlavní autor: Carter, Thomas F. (Autor)
Médium: Elektronický zdroj E-kniha
Jazyk:angličtina
Vydáno: Cham : Springer International Publishing, 2018.
Vydání:1st ed. 2018.
Témata:
ISBN:9783319748443
On-line přístup: Získat plný text
Tagy: Přidat tag
Žádné tagy, Buďte první, kdo vytvoří štítek k tomuto záznamu!

MARC

LEADER 00000nam a22000005i 4500
003 SK-BrCVT
005 20220618101947.0
007 cr nn 008mamaa
008 180410s2018 gw | s |||| 0|eng d
020 |a 9783319748443 
024 7 |a 10.1007/978-3-319-74844-3  |2 doi 
035 |a CVTIDW12284 
040 |a Springer-Nature  |b eng  |c CVTISR  |e AACR2 
041 |a eng 
100 1 |a Carter, Thomas F.  |4 aut 
245 1 0 |a On Running and Becoming Human  |h [electronic resource] :  |b An Anthropological Perspective /  |c by Thomas F. Carter. 
250 |a 1st ed. 2018. 
260 1 |a Cham :  |b Springer International Publishing,  |c 2018. 
300 |a IX, 91 p. 22 illus.  |b online resource. 
500 |a Social Sciences  
505 0 |a 1. First Steps -- 2. A Runner's Mind -- 3. A Runner's Environs -- 4. A Runner's Body. 
516 |a text file PDF 
520 |a How does the simple act of running make us human? As a form of enskilled movement that shapes how we perceive our surroundings, running enacts a mindful bodily engagement with the world, an engagement that generates our very minds through perceptual learning. Thomas F. Carter examines the interrelated aspects of a runner's being-mind, body, and environs-to illustrate that the skillful act of locomotion is one of principle ways that we as human beings become integral parts of the larger world. Synthesizing recent developments in neuroscience, anthropology, and philosophy of mind, On Running proves there is more to running than merely clocking up the miles. 
650 0 |a Ethnography. 
650 0 |a Ethnology. 
650 0 |a Physical anthropology. 
650 0 |a Sports-Sociological aspects. 
856 4 0 |u http://hanproxy.cvtisr.sk/han/cvti-ebook-springer-eisbn-978-3-319-74844-3  |y Vzdialený prístup pre registrovaných používateľov 
910 |b ZE09564 
919 |a 978-3-319-74844-3 
974 |a andrea.lebedova  |f Elektronické zdroje 
992 |a SUD 
999 |c 238834  |d 238834